| 000 | 00789nam a2200253 a 4500 | ||
|---|---|---|---|
| 001 | 559 | ||
| 003 | BR-CuiBMT | ||
| 005 | 20231109190411.0 | ||
| 008 | 231109s2014 spba 000 0 por d | ||
| 020 | _a9788502215542 | ||
| 040 |
_aBR-CuiBMT _cBR-CuiBMT |
||
| 080 |
_22007 _a349.2 |
||
| 090 |
_a349.2 _bB311d _c7. ed. |
||
| 100 | 1 |
_aBasile, César Reinaldo Offa, _d1976- |
|
| 245 | 1 | 0 |
_aDireito do trabalho : _bteoria geral a trabalho do menor / _cCésar Reinaldo Offa Basile. |
| 250 | _a7. ed. | ||
| 260 |
_aSão Paulo : _bSaraiva, _c2014. |
||
| 300 |
_a209 p. : _bil. ; _c21 cm |
||
| 490 | 1 |
_aSinopses Jurídicas ; _vv. 27 |
|
| 650 |
_aDireito do trabalho _vSínteses, compêndios, etc. _zBrasil |
||
| 650 | _aTrabalho infantil | ||
| 830 | 0 |
_aSinopses jurídicas ; _v27. |
|
| 942 |
_2udc _cLV |
||
| 999 |
_c559 _d559 |
||